Confidence high in office market (Record no. 118145)
[ view plain ]
| 000 -LEADER | |
|---|---|
| fixed length control field | 01075cam a2200205 4500 |
| 001 - CONTROL NUMBER | |
| control field | WB@3612-124 |
| 008 - FIXED-LENGTH DATA ELEMENTS--GENERAL INFORMATION | |
| fixed length control field | 041013n2004 000 0 eng u |
| 035 ## - SYSTEM CONTROL NUMBER | |
| System control number | (Sirsi) u127677 |
| 245 ## - TITLE STATEMENT | |
| Title | Confidence high in office market |
| 260 ## - PUBLICATION, DISTRIBUTION, ETC. | |
| Date of publication, distribution, etc. | 2004 |
| 490 ## - SERIES STATEMENT | |
| Series statement | RICS Press Release |
| Volume/sequential designation | (pr091) 12 October 2004 (2) |
| 520 ## - SUMMARY, ETC. | |
| Summary, etc. | According to the latest "RICS commercial market survey: England and Wales", UK commercial property is expecting growth as confidence in the office market hits a six and a half year high. Demand in the office sector also rose firmly in the third quarter of 2004, though activity in retail and industrial sectors remained flat. Demand for business property rose for the fourth consecutive quarter - the largest rise being in southern England. For the full report go to the website. http://www.rics.org/RICSWEB/getpage.aspx?p=-TQbouB e4EG2XeM8GzlFNw== |
| 590 ## - LOCAL NOTE (RLIN) | |
| Local note | WB |
| 590 ## - LOCAL NOTE (RLIN) | |
| Local note | WB |
| 650 ## - SUBJECT ADDED ENTRY--TOPICAL TERM | |
| Topical term or geographic name entry element | RICS COMMERCIAL PROPERTY SURVEY |
| 650 ## - SUBJECT ADDED ENTRY--TOPICAL TERM | |
| Topical term or geographic name entry element | BUSINESS PROPERTY |
| 650 ## - SUBJECT ADDED ENTRY--TOPICAL TERM | |
| Topical term or geographic name entry element | OFFICE MARKET |
| 690 ## - LOCAL SUBJECT ADDED ENTRY--TOPICAL TERM (OCLC, RLIN) | |
| Topical term or geographic name as entry element | COMMERCIAL PROPERTY |
| 9 (RLIN) | 6227 |
| 942 ## - ADDED ENTRY ELEMENTS (KOHA) | |
| Suppress in OPAC | 0 |
| Withdrawn status | Lost status | Source of classification or shelving scheme | Damaged status | Not for loan | Home library | Current library | Shelving location | Date acquired | Total Checkouts | Full call number | Barcode | Date last seen | Copy number | Price effective from | Koha item type |
|---|---|---|---|---|---|---|---|---|---|---|---|---|---|---|---|
| Dewey Decimal Classification | London | London | News article | 13/10/2004 | WB4039-03 | 127677-1001 | 06/08/2019 | 1 | 06/08/2019 | News article |